000
00400nam a22001697a 4500
003
MPLRDC
005
20220104124958.0
008
210129b ||||| |||| 00| 0 eng d
082
_a
857.9 YW-10 v.1
100
_a
忆文
245
_a
飞音剑. 上
_c
260
_a
_b
毅力出版社
_c
300
_b
平
490
_a
忆文武侠专辑
650
_a
武侠小说
942
_c
BK
_o
857.9 YW-10 v.1
999
_c
23670
_d
23660